00474nam a22001937a 450000500170000001000130001702000100003003500130004003700160005304000120006908200160008110000230009724500550012026000060017530000260018150000200020765000270022765000260025420170124110100.0 aA-228216 c00.00 aA-228216 bCen Lib/Ret aDPLbEN a658.15bBHA aBhattacharya, S.K. aAccounting for management /cby S.K. Bhattacharya  b  axiii, 696p.c23cm(Hb) aIncludes index  aAccounting management  aFinancial accounting